[Event "It"]
[Site "masterchessopen.com Munich (Germany)"]
[Round "0"]
[White "Deze Anton (YUG)"]
[Black "Koepf Ulrich (GER)"]
[Result "1-0"]
[WhiteElo "2405"]
[BlackElo "2260"]

1.d4 Nf6 2.c4 e6 3.Nc3 Bb4 4.e3 b6 5.Ne2 Ba6 6.Ng3 O-O 7.e4 c5 8.dxc5 bxc5
9.e5 Ne8 10.Ne4 Qc7 11.Qh5 Nc6 12.Bf4 f5 13.Ng5 h6 14.Nf3 Nf6 15.exf6 Qxf4
16.fxg7 Kxg7 17.Rd1 Rad8 18.h4 Qg4 19.Qxg4+ fxg4 20.Nd2 Nd4 21.Bd3 d5 22.O-O
dxc4 23.Nxc4 Nf5 24.Ne5 Bxd3 25.Nxd3 Bxc3 26.bxc3 Nxh4 27.Nxc5 Kf7 28.Nd7 Rg8
29.Ne5+ Kf6 30.Rxd8 Rxd8 31.Nxg4+ Kg5 32.Ne3 Nf5 33.Nxf5 Kxf5 34.Rb1 Rd2
35.Rb5+ Kf6 36.Ra5 Rd1+ 37.Kh2 Rc1 38.Rxa7 Rxc3 39.a4 Ra3 40.a5 Kg5 41.a6 Ra2
42.Ra8 Kh4 43.a7 e5 44.g3+ Kh5 45.Kh3 {#r} 1-0

[Event "It"]
[Site "masterchessopen.com Philadelphia (USA)"]
[Round "0"]
[White "Dauvergne Peter (AUS)"]
[Black "Frias Victor J (CHI)"]
[Result "0-1"]
[WhiteElo "2232"]
[BlackElo "2493"]

1.d4 Nf6 2.c4 e6 3.Nc3 Bb4 4.e3 b6 5.Ne2 Ba6 6.a3 Be7 7.Nf4 d5 8.b3 c6 9.Be2
Nbd7 10.cxd5 Bxe2 11.Qxe2 cxd5 12.O-O O-O 13.Bb2 Qb8 14.f3 Bd6 15.g3 Bxf4
16.gxf4 a6 17.a4 Rc8 18.Kh1 Ra7 19.Rg1 g6 20.Rac1 b5 21.a5 Rac7 22.Na2 Rxc1
23.Rxc1 Rxc1+ 24.Bxc1 Qd8 25.Qd2 Ne8 26.Ba3 Ng7 27.Qb4 h5 28.Qd2 Nf5 29.Bb4
Nb8 30.Bc3 Nc6 31.Nc1 b4 32.Bxb4 Nxe3 33.Bc5 Nf5 34.b4 Qb8 35.Bb6 Nd6 36.Nd3
Nc4 37.Qc1 Ne7 38.Bc5 Nf5 39.Ne5 Qb5 40.Qe1 Nce3 41.h3 Kg7 42.Ng4 hxg4 43.fxg4
Qd3 44.gxf5 Qe4+ {#R} 0-1

[Event "Ch Finland"]
[Site "masterchessopen.com Pori (Finland)"]
[Round "0"]
[White "Yrjola Jouni (FIN)"]
[Black "Maki Veijo (FIN)"]
[Result "0-1"]
[WhiteElo "2430"]
[BlackElo "2400"]

1.d4 Nf6 2.c4 e6 3.Nc3 Bb4 4.e3 b6 5.Ne2 Ba6 6.Ng3 O-O 7.e4 Nc6 8.Bg5 h6 9.h4
hxg5 10.hxg5 g6 11.gxf6 Qxf6 12.a3 Bxc3+ 13.bxc3 Qf4 14.Nh5 Qxe4+ 15.Kd2 Qf5
16.Bd3 Qxf2+ 17.Kc1 f5 18.Kb1 Qe3 19.Rh3 Qg5 20.Rg3 Qh6 21.Qf3 Kf7 22.Nf4 Ne7
23.Kc2 c6 24.c5 g5 25.Rh3 Qg7 26.Qh5+ Kf6 27.Bxa6 gxf4 28.Qh4+ Qg5 29.Qxg5+
Kxg5 30.Rh7 Kf6 {#R} 0-1

[Event "Ch Great Britain"]
[Site "masterchessopen.com Southampton (England)"]
[Round "2"]
[White "Wicker Kevin J (ENG)"]
[Black "Levitt Jonathan (ENG)"]
[Result "1-0"]
[WhiteElo "2275"]
[BlackElo "2395"]

1.d4 Nf6 2.c4 e6 3.Nc3 Bb4 4.e3 b6 5.Ne2 Ba6 6.a3 Bxc3+ 7.Nxc3 d5 8.b3 O-O
9.a4 Qd7 10.Ba3 Rd8 11.Be2 Nc6 12.cxd5 Bxe2 13.Qxe2 exd5 14.O-O Re8 15.Qc2 Na5
16.Rac1 c6 17.Ne2 Rac8 18.Nf4 Ng4 19.Qd1 Nf6 20.Nd3 Qe6 21.Bb4 Nb7 22.Re1 Qf5
23.Re2 Ne4 24.Be1 f6 25.Nb4 Qd7 26.Qd3 Re6 27.Qa6 Na5 28.Nd3 Nxb3 29.Rb1 c5
30.Nf4 c4 31.Nxe6 Qxe6 32.Qxa7 Qc6 33.Rc2 Ra8 34.Qe7 Qd6 35.Qb7 Rxa4 36.f3 Ng5
37.Bg3 Qd8 38.Rxb3 Ra1+ 39.Kf2 cxb3 40.Rc8 Ra2+ 41.Kf1 Qxc8 42.Qxc8+ Kf7
43.Qb7+ Kg6 44.Qxb6 Ra1+ 45.Be1 Rb1 46.Qb5 {#r} 1-0

[Event "Ch Scotland"]
[Site "masterchessopen.com Troon (Scotland)"]
[Round "5"]
[White "Pyrich George (SCO)"]
[Black "Lawson David (SCO)"]
[Result "0-1"]
[WhiteElo "2014"]
[BlackElo "2252"]

1.d4 Nf6 2.c4 e6 3.Nc3 Bb4 4.e3 b6 5.Ne2 Ba6 6.Ng3 h5 7.h4 Bb7 8.Qc2 c5 9.a3
Bxc3+ 10.Qxc3 Nc6 11.dxc5 bxc5 12.Be2 Ne7 13.f3 Qc7 14.Kf2 a5 15.b3 Nc6 16.Bb2
Rh6 17.Rhd1 O-O-O 18.Rd2 Rg8 19.Qd3 g5 20.Bxf6 Rxf6 21.Ne4 gxh4 22.Nxf6 Qg3+
23.Kf1 Qxg2+ 24.Ke1 Ne5 25.Qd6 Qg1+ 26.Bf1 Qxe3+ 27.Kd1 Qxf3+ 28.Be2 Qxf6
29.Qxc5+ Nc6 30.Rc1 h3 31.Qd6 Qe7 32.Qh2 Qxa3 33.Rd3 Rg2 34.Qxh3 Rxe2 35.Kxe2
Qxc1 36.Qg3 Qb2+ 37.Kf1 Ne5 38.Re3 {#R} 0-1

[Event "It (open)"]
[Site "masterchessopen.com Balatonbereny (Hungary)"]
[Round "0"]
[White "Knaak Rainer (GER)"]
[Black "Reeh Oliver (GER)"]
[Result "1-0"]
[WhiteElo "2530"]
[BlackElo "2453"]

1.d4 Nf6 2.c4 e6 3.Nc3 Bb4 4.e3 b6 5.Ne2 Ba6 6.Ng3 O-O 7.e4 Nc6 8.Bd3 e5 9.d5
Bxc3+ 10.bxc3 Ne7 11.Bg5 Ne8 12.h4 f6 13.Be3 c5 14.h5 Nd6 15.Qe2 f5 16.Bg5 h6
17.exf5 hxg5 18.h6 Rf6 19.hxg7 Nf7 20.O-O-O Nc8 21.Rh8+ Nxh8 22.gxh8=Q+ Kxh8
23.Rh1+ Kg7 24.Qh5 Qg8 25.Ne4 {#r} 1-0

[Event "It"]
[Site "masterchessopen.com Budel (Netherlands)"]
[Round "0"]
[White "Renet Olivier (FRA)"]
[Black "Winants Luc (BEL)"]
[Result "1-0"]
[WhiteElo "2486"]
[BlackElo "2415"]

1.d4 Nf6 2.c4 e6 3.Nc3 Bb4 4.e3 b6 5.Ne2 Ba6 6.a3 Bxc3+ 7.Nxc3 d5 8.Qf3 O-O
9.g4 Qc8 10.Rg1 Bb7 11.g5 Ne4 12.Nxe4 dxe4 13.Qh5 Nd7 14.Bd2 c5 15.Bc3 cxd4
16.exd4 e5 17.Rg3 Qc6 18.d5 Qd6 19.Rh3 h6 20.O-O-O f5 21.gxf6 Qxf6 22.Rg3 Kh7
23.Bg2 g6 24.Bxe4 Rg8 25.Bd2 Rg7 26.Rdg1 Nf8 27.Qxh6+ Kg8 28.Bxg6 {#r} 1-0

[Event "It (b)"]
[Site "masterchessopen.com Dortmund (Germany)"]
[Round "0"]
[White "Konikowski Jerzy (GER)"]
[Black "King Daniel J (ENG)"]
[Result "0-1"]
[WhiteElo "2325"]
[BlackElo "2470"]

1.d4 Nf6 2.c4 e6 3.Nc3 Bb4 4.e3 b6 5.Ne2 Ba6 6.a3 Be7 7.Ng3 d5 8.b3 O-O 9.Bd3
c5 10.cxd5 cxd4 11.Bxa6 Nxa6 12.Qxd4 Nc5 13.Rb1 exd5 14.O-O Qd7 15.Rd1 Rfd8
16.b4 Ne6 17.Qd3 g6 18.Bb2 a5 19.Nce2 axb4 20.axb4 Ra4 21.Bc3 h5 22.Bxf6 Bxf6
23.Ne4 Bg7 24.Qb3 Qa7 25.N4c3 Ra3 26.Nb5 Rxb3 27.Nxa7 Rxb1 28.Rxb1 Ra8 29.Nc6
Ra2 30.Kf1 Kf8 31.Ke1 Ke8 32.b5 Rc2 33.Kd1 Rc4 34.Rb4 Kd7 35.Rb1 Kd6 36.Kd2
Rg4 37.g3 Ra4 38.Nc1 Ng5 39.Ke2 Ne4 40.Rb3 Ra1 {#R} 0-1

[Event "Ch Hungary (open)"]
[Site "masterchessopen.com Eger (Hungary)"]
[Round "0"]
[White "Koncz Imre (HUN)"]
[Black "Kiss Laszlo (HUN)"]
[Result "0-1"]
[WhiteElo "2210"]
[BlackElo "1694"]

1.d4 Nf6 2.c4 e6 3.Nc3 Bb4 4.e3 b6 5.Ne2 Ba6 6.Ng3 O-O 7.Qf3 Nc6 8.Bd2 Na5
9.Nce4 Bxd2+ 10.Nxd2 Qe7 11.a3 c5 12.Nh5 Nxh5 13.Qxh5 cxd4 14.exd4 Rac8 15.Bd3
g6 16.Qe2 Qf6 17.c5 Bxd3 18.Qxd3 bxc5 19.Qb5 Nc6 20.dxc5 Nd4 21.Qd3 Qe5+
22.Kf1 Rxc5 23.Ne4 Rc6 24.h4 Rfc8 25.Nc3 d5 26.h5 Nf5 27.Re1 Qf4 28.hxg6 fxg6
29.Qh3 R8c7 30.g4 Qc4+ 31.Kg2 Nd4 32.Qh4 Rf7 33.Re3 Rc8 34.f4 Rcf8 35.Re5 Nf3
{#R} 0-1

[Event "It (open)"]
[Site "masterchessopen.com Endingen (Germany)"]
[Round "9"]
[White "Schlager Thomas (GER)"]
[Black "Kohl Hartmut (GER)"]
[Result "1-0"]
[WhiteElo "2262"]
[BlackElo "2127"]

1.d4 Nf6 2.c4 e6 3.Nc3 Bb4 4.e3 b6 5.Ne2 Ba6 6.a3 Bxc3+ 7.Nxc3 d5 8.b3 O-O
9.Be2 Nbd7 10.O-O c5 11.Bb2 Rc8 12.dxc5 Nxc5 13.b4 Nce4 14.Nxe4 Nxe4 15.cxd5
Bxe2 16.Qxe2 Qxd5 17.Qg4 g6 18.Rfd1 Qf5 19.Qxf5 gxf5 20.Rac1 Rxc1 21.Rxc1 Rd8
22.f3 Nd6 23.a4 b5 24.Rd1 Kf8 25.axb5 Ke8 26.Bf6 Rd7 27.Rd4 Nxb5 28.Rh4 Rd1+
29.Kf2 Rb1 30.Kg3 Nc7 31.Rxh7 Rxb4 32.Rh8+ Kd7 33.Rd8+ Kc6 34.h4 Nd5 35.Rxd5
Kxd5 36.h5 e5 37.h6 Ke6 38.h7 Rb8 39.h8=Q Rxh8 40.Bxh8 f6 41.Kf2 a5 42.Ke2 a4
43.Kd2 f4 44.e4 f5 45.Kc3 fxe4 46.fxe4 {#r} 1-0

[Event "Bundesliga 1986/87"]
[Site "masterchessopen.com Germany"]
[Round "0"]
[White "Vogel Robert (GER)"]
[Black "King Daniel J (ENG)"]
[Result "0-1"]
[WhiteElo "2256"]
[BlackElo "2470"]

1.d4 Nf6 2.c4 e6 3.Nc3 Bb4 4.e3 b6 5.Ne2 Ba6 6.Ng3 Bxc3+ 7.bxc3 d5 8.Ba3 Bxc4
9.Bxc4 dxc4 10.e4 Qd7 11.e5 Nd5 12.Qg4 Nc6 13.Qxg7 O-O-O 14.O-O h5 15.Qg5 Nxc3
16.Rac1 Qxd4 17.Bb2 Ne2+ 18.Nxe2 Qxb2 19.Nc3 Nb4 20.Na4 Qxa2 21.Ra1 Qd2 22.Qf6
Qd7 23.Qf4 Qc6 24.Nb2 a5 25.Rfc1 c3 {#R} 0-1

[Event "It (b)"]
[Site "masterchessopen.com Halle (Germany)"]
[Round "11"]
[White "Dautov Rustem (GER)"]
[Black "Liebert Heinz (GER)"]
[Result "1-0"]
[WhiteElo "2445"]
[BlackElo "2247"]

1.d4 Nf6 2.c4 e6 3.Nc3 Bb4 4.e3 b6 5.Ne2 Ba6 6.Ng3 c5 7.d5 O-O 8.Be2 exd5
9.cxd5 Bxe2 10.Nxe2 d6 11.O-O Re8 12.f3 a6 13.e4 Nbd7 14.a4 c4 15.Nd4 Ne5
16.Bg5 Rc8 17.Kh1 Bc5 18.f4 Nd3 19.Nc6 Qd7 20.Bxf6 gxf6 21.Qf3 Rxc6 22.dxc6
Qxc6 23.Nd5 Bd4 24.e5 Kh8 25.exf6 Qc5 26.Qh5 {#r} 1-0

[Event "Ch Italy (corr.)"]
[Site "masterchessopen.com Italy"]
[Round "0"]
[White "Tirabassi Maurizio (ITA)"]
[Black "Altini Daniele (ITA)"]
[Result "1-0"]
[WhiteElo "2306"]
[BlackElo "2257"]

1.d4 Nf6 2.c4 e6 3.Nc3 Bb4 4.e3 b6 5.Ne2 Ba6 6.Ng3 Bxc3+ 7.bxc3 d5 8.Ba3 Bxc4
9.Bxc4 dxc4 10.O-O Qd7 11.e4 Qb5 12.Rb1 Qa6 13.Bb4 Nc6 14.a4 O-O-O 15.Qe2 h5
16.Rfd1 h4 17.Nf1 h3 18.g3 Qb7 19.f3 g5 20.Ne3 Rdg8 21.g4 Rh4 22.Nxc4 Rd8
23.Ba3 Rhh8 24.a5 Rhe8 25.Rb5 Nd7 26.Rdb1 f5 27.axb6 axb6 28.Bc5 fxe4 29.Bxb6
{#r} 1-0

[Event "It \"]
[Site "masterchessopen.com London (England)"]
[Round "0"]
[White "Zueger Beat (SUI)"]
[Black "Wilder Michael (USA)"]
[Result "0-1"]
[WhiteElo "2405"]
[BlackElo "2505"]

1.d4 Nf6 2.c4 e6 3.Nc3 Bb4 4.e3 b6 5.Ne2 Ba6 6.Ng3 O-O 7.e4 Nc6 8.Bd3 e5 9.d5
Na5 10.h4 Ne8 11.Bd2 Bxc4 12.Bxc4 Nxc4 13.Qb3 Bxc3 14.Bxc3 Ned6 15.Qc2 f6
16.a4 Nf7 17.Bb4 Ncd6 18.O-O Rc8 19.Rfd1 a5 20.Ba3 f5 21.Nxf5 Nxf5 22.exf5 d6
23.Rac1 Qxh4 24.Rd3 Nh6 25.Rc3 Nxf5 26.Rh3 Qg5 27.b3 h6 28.Bb2 Rf7 29.Qd3 Rcf8
30.Rc4 Ne7 31.Bc1 Qf5 32.Rxc7 Qxf2+ 33.Kh2 Nf5 34.Rxf7 Rxf7 35.Qb5 Nd4 36.Qe8+
Rf8 37.Qh5 Qf7 38.Qh4 Nf5 39.Qc4 Ne7 40.Rd3 Rc8 {#R} 0-1

[Event "?"]
[Site "masterchessopen.com Munich (Germany)"]
[Round "0"]
[White "Zueger Beat (SUI)"]
[Black "Huss Andreas (SUI)"]
[Result "1-0"]
[WhiteElo "2405"]
[BlackElo "2308"]

1.d4 e6 2.c4 Nf6 3.Nc3 Bb4 4.e3 b6 5.Ne2 Ba6 6.Ng3 Nc6 7.Qa4 Qc8 8.Bd2 O-O
9.d5 exd5 10.cxd5 Bxf1 11.dxc6 Bxg2 12.Rg1 Bxc6 13.Qxb4 d5 14.Nce2 Bd7 15.Bc3
c5 16.Bxf6 cxb4 17.Nf5 {#r} 1-0

[Event "Ch New Zealand"]
[Site "masterchessopen.com New Zealand"]
[Round "0"]
[White "Dive Russell John (NZL)"]
[Black "Stuart Peter (NZL)"]
[Result "1-0"]
[WhiteElo "2339"]
[BlackElo "1986"]

1.d4 Nf6 2.c4 e6 3.Nc3 Bb4 4.e3 b6 5.Ne2 Ba6 6.Ng3 O-O 7.Bd3 Nc6 8.O-O Bxc3
9.bxc3 e5 10.e4 d6 11.f4 exd4 12.cxd4 Nxd4 13.e5 dxe5 14.fxe5 Ne8 15.Rf4 Ne6
16.Bxh7+ Kxh7 17.Qh5+ Kg8 18.Rh4 f6 19.Ba3 c5 20.Qg6 fxe5 21.Qxe6+ Rf7 22.Qh3
Rf4 23.Rh8+ Kf7 24.Qh5+ g6 25.Qh7+ Ke6 26.Qxg6+ Rf6 27.Qg4+ Ke7 28.Rd1 Qc8
29.Rd7+ {#r} 1-0

[Event "It (open)"]
[Site "masterchessopen.com Philadelphia (USA)"]
[Round "0"]
[White "Lief Adam (USA)"]
[Black "Potts Kenneth (USA)"]
[Result "1-0"]
[WhiteElo "2250"]
[BlackElo "2280"]

1.d4 Nf6 2.c4 e6 3.Nc3 Bb4 4.e3 b6 5.Ne2 Ba6 6.a3 Bxc3+ 7.Nxc3 d5 8.b3 O-O
9.Bd3 dxc4 10.bxc4 Nc6 11.Bb2 e5 12.O-O exd4 13.Ne4 Re8 14.Ng3 dxe3 15.fxe3
Ne5 16.Bxe5 Rxe5 17.Qf3 Qf8 18.Nf5 Rd8 19.Qf4 Re6 20.Rad1 Rd7 21.g4 Bb7 22.g5
Nh5 23.Qg4 g6 24.Nh6+ Kg7 25.Nxf7 Qe8 26.Nh6 Rxe3 27.Bxg6 Rg3+ 28.Qxg3 Nxg3
29.Bxe8 Re7 30.hxg3 {#r} 1-0

[Event "It (open)"]
[Site "masterchessopen.com Philadelphia (USA)"]
[Round "0"]
[White "Lief Adam (USA)"]
[Black "Sisniega Marcel (MEX)"]
[Result "0-1"]
[WhiteElo "2250"]
[BlackElo "2435"]

1.d4 Nf6 2.c4 e6 3.Nc3 Bb4 4.e3 b6 5.Ne2 Ba6 6.a3 Be7 7.Nf4 d5 8.b3 O-O 9.Bd3
dxc4 10.bxc4 Nc6 11.Bb2 e5 12.Nfe2 exd4 13.exd4 Na5 14.Qa4 Qe8 15.Nb5 Qd7
16.O-O Rad8 17.Rfd1 Rfe8 18.Rac1 c6 19.Nbc3 Bd6 20.Ng3 Bf4 21.Rc2 Bxg3 22.hxg3
Qxd4 23.Bxh7+ Kxh7 24.Rxd4 Re1+ 25.Kh2 Rxd4 26.Rc1 Ng4+ 27.Kh3 Nxf2+ 28.Kh2
Ng4+ 29.Kh3 Re6 30.Ne4 Rdxe4 31.Kh4 Ne5+ {#R} 0-1

[Event "It (cat.9)"]
[Site "masterchessopen.com Santa Catalina (ESP)"]
[Round "6"]
[White "Sunye Neto Jaime (BRA)"]
[Black "Sisniega Marcel (MEX)"]
[Result "1-0"]
[WhiteElo "2486"]
[BlackElo "2435"]

1.c4 Nf6 2.Nc3 e6 3.d4 Bb4 4.e3 b6 5.Ne2 Ba6 6.a3 Be7 7.Ng3 h5 8.Bd3 h4 9.Nge2
h3 10.g3 d5 11.cxd5 Bxd3 12.Qxd3 exd5 13.O-O Nc6 14.b4 Qd7 15.Bd2 a5 16.b5 Nd8
17.f3 Ne6 18.Nd1 O-O-O 19.Rc1 Kb8 20.Rc6 Ka8 21.Nf2 g5 22.Rfc1 g4 23.fxg4 Rhg8
24.Nf4 Rc8 25.N4xh3 Nxg4 26.Nxg4 Rxg4 27.Qf5 Rg7 28.a4 Bg5 29.Nf4 Bxf4 30.exf4
Qd8 31.Qe5 Rg4 32.Kg2 Qh4 33.f5 Qd8 34.fxe6 Re4 35.e7 Qd7 36.Rxc7 Rxc7 37.Rxc7
Qxc7 38.Qxd5+ {#r} 1-0

[Event "Cup Warsaw"]
[Site "masterchessopen.com Warsaw (Poland)"]
[Round "5"]
[White "Packo Krzysztof (POL)"]
[Black "Kostyra Stanislaw (POL)"]
[Result "0-1"]
[WhiteElo "2230"]
[BlackElo "2365"]

1.d4 Nf6 2.c4 e6 3.Nc3 Bb4 4.e3 b6 5.Ne2 Ba6 6.a3 Bxc3+ 7.Nxc3 d5 8.Qa4+ c6
9.Qb4 Nbd7 10.cxd5 c5 11.Qa4 Bxf1 12.dxe6 b5 13.exd7+ Qxd7 14.Qb3 Bc4 15.Qd1
cxd4 16.Qxd4 Qe6 17.f3 O-O 18.Kf2 Rfd8 19.Qf4 Nd7 20.g4 Nc5 21.Kg2 Nb3 22.Rb1
Bd3 23.e4 Bxb1 24.Nxb1 Nxc1 25.Rxc1 Qb3 26.Rc7 Qxb2+ 27.Kg3 f6 28.Nc3 Rd2
29.Kh3 g5 {#R} 0-1

[Event "It (c)"]
[Site "masterchessopen.com Aarhus (Denmark)"]
[Round "5"]
[White "Brautsch Soren (DEN)"]
[Black "Ziska Bogi (FAI)"]
[Result "1-0"]
[WhiteElo "2214"]
[BlackElo "2202"]

1.d4 Nf6 2.c4 e6 3.Nc3 Bb4 4.e3 b6 5.Ne2 Ba6 6.Ng3 O-O 7.e4 d6 8.Be2 e5 9.O-O
Bxc3 10.bxc3 Bb7 11.f3 Nbd7 12.Bg5 h6 13.Be3 Qe8 14.Qd2 Kh7 15.Nf5 Ng8 16.g4
Ne7 17.Kh1 f6 18.Rg1 g5 19.Rg3 Rd8 20.Kg2 Rg8 21.Rh1 Nxf5 22.gxf5 c5 23.d5 h5
24.h4 gxh4 25.Rxh4 Rxg3+ 26.Kxg3 Ba6 27.Qe1 {#r} 1-0

[Event "?"]
[Site "masterchessopen.com Barcelona (Spain)"]
[Round "0"]
[White "Estremera Panos Sergio (ESP)"]
[Black "Eslon Jaan (SWE)"]
[Result "1-0"]
[WhiteElo "2379"]
[BlackElo "2356"]

1.d4 Nf6 2.c4 e6 3.Nc3 Bb4 4.e3 b6 5.Ne2 Ba6 6.Ng3 Bxc3+ 7.bxc3 d5 8.Ba3 dxc4
9.Be2 Qd7 10.O-O Nc6 11.e4 O-O-O 12.Qc2 h5 13.Rfd1 Kb8 14.Nf1 Bb7 15.Bxc4 h4
16.Ne3 h3 17.g3 Na5 18.Bd3 Nh7 19.d5 exd5 20.exd5 Ng5 21.Be2 g6 22.c4 Rhe8
23.Bb4 Rxe3 24.fxe3 Qe8 25.Kf2 Ne4+ 26.Ke1 Nxg3 27.hxg3 Qxe3 28.Qd3 Qh6
29.Bxa5 h2 30.Kf2 Bc8 31.Bf3 Bf5 32.Qe3 Qh8 33.Bc3 {#r} 1-0

[Event "?"]
[Site "masterchessopen.com Berlin (Germany)"]
[Round "2"]
[White "Vaisser Anatoly (FRA)"]
[Black "Wilde Pierre (GER)"]
[Result "1-0"]
[WhiteElo "2530"]
[BlackElo "2273"]

1.d4 Nf6 2.c4 e6 3.Nc3 Bb4 4.e3 b6 5.Ne2 Ba6 6.Ng3 O-O 7.e4 d5 8.cxd5 Bxf1
9.Kxf1 exd5 10.e5 Ne8 11.Qg4 Kh8 12.Nge2 f6 13.a3 Be7 14.Nf4 Nc6 15.Qh5 Nxd4
16.Ng6+ Kg8 17.Nxf8 Bxf8 18.exf6 Nxf6 19.Qd1 c5 20.Bg5 Be7 21.Ne2 Ne6 22.Bxf6
Bxf6 23.Nc3 Bxc3 24.bxc3 Qd7 25.Qg4 Qf7 26.Re1 Nc7 27.h4 Rf8 28.Re2 h5 29.Qg5
Qf4 30.Rh3 Kh7 31.Qxh5+ Kg8 32.Rf3 Qh2 33.Rxf8+ Kxf8 34.Qf3+ Kg8 35.Re7 {#r}
1-0

[Event "It (open)"]
[Site "masterchessopen.com Copenhagen (Denmark)"]
[Round "1"]
[White "Sarosi Zoltan (HUN)"]
[Black "Levitt Jonathan (ENG)"]
[Result "0-1"]
[WhiteElo "2297"]
[BlackElo "2485"]

1.d4 Nf6 2.c4 e6 3.Nc3 Bb4 4.e3 b6 5.Ne2 Ba6 6.a3 Bxc3+ 7.Nxc3 d5 8.b3 O-O
9.Be2 dxc4 10.bxc4 Nc6 11.Qa4 Na5 12.O-O Qd7 13.Nb5 Ne4 14.Qc2 Nd6 15.a4 Rfc8
16.Rb1 Ndxc4 17.Bxc4 Nxc4 18.Qxc4 c6 19.Qd3 cxb5 20.axb5 Bb7 21.Bb2 a6 22.Rfc1
axb5 23.Rxc8+ Rxc8 24.Rc1 Rxc1+ 25.Bxc1 Qc6 26.Qf1 b4 27.Bb2 Qc2 28.Qc1 Qxc1+
29.Bxc1 Kf8 30.Bd2 b3 31.Bc3 Ke7 32.f3 Kd6 33.e4 f5 34.exf5 exf5 35.Kf2 Kd5
36.Ke3 g5 37.g3 Kc4 38.Bb2 f4+ 39.gxf4 gxf4+ 40.Ke2 h5 41.h4 Bd5 42.Ba1 b5
43.Bb2 b4 {#R} 0-1

[Event "Ch New Zealand"]
[Site "masterchessopen.com Dunedin (New Zealand)"]
[Round "0"]
[White "Sarfati Jonathan D (NZL)"]
[Black "Stuart Peter (NZL)"]
[Result "1-0"]
[WhiteElo "2251"]
[BlackElo "1986"]

1.d4 Nf6 2.c4 e6 3.Nc3 Bb4 4.e3 b6 5.Ne2 Ba6 6.Ng3 O-O 7.Bd3 d5 8.cxd5 Bxd3
9.Qxd3 exd5 10.a3 Bxc3+ 11.bxc3 Nbd7 12.O-O c5 13.Ra2 Re8 14.f3 Rc8 15.Raf2
Qc7 16.Bb2 cxd4 17.cxd4 Qc4 18.Qd2 Qb3 19.Nf5 Re6 20.e4 dxe4 21.Qg5 g6 22.Nh6+
Kf8 23.fxe4 Rxe4 24.d5 Qxd5 25.Bxf6 Qxg5 26.Bxg5 f5 27.g4 Ke8 28.gxf5 gxf5
29.Nxf5 Rc6 30.Ng7# 1-0

[Event "Bundesliga 1987/88"]
[Site "masterchessopen.com Germany"]
[Round "0"]
[White "Berg Klaus (DEN)"]
[Black "Lehmann Klaus (GER)"]
[Result "1-0"]
[WhiteElo "2421"]
[BlackElo "2349"]

1.d4 Nf6 2.c4 e6 3.Nc3 Bb4 4.e3 b6 5.Ne2 Ba6 6.Ng3 O-O 7.e4 Bxc3+ 8.bxc3 d6
9.Bd3 h6 10.O-O Nc6 11.f4 Na5 12.e5 Ne8 13.Qe2 f5 14.Ba3 c5 15.Rad1 Qc8 16.d5
Qd7 17.Rfe1 Qa4 18.dxe6 Bxc4 19.Nxf5 Rxf5 20.Qe4 d5 21.Qxf5 Bxd3 22.Rxd3 Qxa3
23.Qf7+ Kh7 24.f5 c4 25.Rh3 Kh8 26.f6 Qc5+ 27.Ree3 Nxf6 28.exf6 Qf8 29.Qxf8+
{#r} 1-0

[Event "Ch Club"]
[Site "masterchessopen.com Helsinki (Finland)"]
[Round "0"]
[White "Raisa Unto (FIN)"]
[Black "Joentausta Hannu (FIN)"]
[Result "1-0"]
[WhiteElo "2130"]
[BlackElo "2162"]

1.d4 e6 2.c4 Nf6 3.Nc3 Bb4 4.e3 b6 5.Ne2 Ba6 6.a3 Bxc3+ 7.Nxc3 d5 8.b3 O-O
9.Bd3 Nbd7 10.O-O Rc8 11.Bb2 Bb7 12.Rc1 c6 13.e4 dxe4 14.Nxe4 Nxe4 15.Bxe4 Qh4
16.Qe2 f5 17.Bf3 Qe7 18.Rfe1 Rfe8 19.Bh5 g6 20.Bf3 Nf8 21.Qd2 Qd6 22.Qh6 Rc7
23.Rcd1 c5 24.Bxb7 Rxb7 25.dxc5 Qxc5 26.Re5 Qe7 27.Qc1 Nd7 28.Re3 Kf7 29.Qc3
Nf6 30.h3 Rg8 31.Rde1 Ne4 32.Qe5 Qf6 33.Rxe4 {#r} 1-0

[Event "It (open)"]
[Site "masterchessopen.com Lyngby (Denmark)"]
[Round "8"]
[White "Hoi Carsten (DEN)"]
[Black "Overgaard Christian Monrad (DEN)"]
[Result "1-0"]
[WhiteElo "2372"]
[BlackElo "2250"]

1.d4 Nf6 2.c4 e6 3.Nc3 Bb4 4.e3 b6 5.Ne2 Ba6 6.a3 Bxc3+ 7.Nxc3 d5 8.b4 Bxc4
9.Bxc4 dxc4 10.Qe2 a5 11.b5 Nd5 12.Qxc4 Nxc3 13.Qxc3 Qd5 14.O-O Qxb5 15.Qxc7
Qc6 16.Qg3 O-O 17.Bb2 Qc2 18.Rab1 f6 19.Ba1 Ra6 20.Rfc1 Qd3 21.a4 Qe4 22.Qc7
Qd5 23.Rxb6 Rxb6 24.Qxb6 Nd7 25.Qc7 Rf7 26.Bc3 Nf8 27.Qxa5 Qc4 28.Qb5 Qc8
29.Bd2 Qa8 30.Bb4 g5 31.Bxf8 Kxf8 32.Qc6 Qa5 33.Qc5+ Qxc5 34.Rxc5 Rb7 35.Rc1
Ra7 36.Ra1 Ra5 37.f3 Ke7 38.Kf2 e5 39.dxe5 fxe5 40.Ke2 Kd6 41.Kd3 Kd5 42.g4
e4+ 43.fxe4+ Ke5 44.Ra2 h6 45.Ra3 Ra8 46.a5 Rd8+ 47.Ke2 Kxe4 48.a6 Ra8 49.Ra5
{#r} 1-0

[Event "Ch URS (club)"]
[Site "masterchessopen.com Naberezhnye Chelny (Russia)"]
[Round "0"]
[White "Alterman Boris (ISR)"]
[Black "Rajskij Eduard (BLR)"]
[Result "1-0"]
[WhiteElo "2570"]
[BlackElo "2450"]

1.d4 Nf6 2.c4 e6 3.Nc3 Bb4 4.e3 b6 5.Ne2 Ba6 6.a3 Bxc3+ 7.Nxc3 d5 8.b3 O-O
9.Be2 Nc6 10.O-O dxc4 11.Rb1 Nd5 12.Bd2 e5 13.bxc4 Nf6 14.d5 Na5 15.Nb5 Bxb5
16.Bxa5 Bxc4 17.Bxc4 bxa5 18.Qa4 Nxd5 19.Rbd1 Nc3 20.Bxf7+ Kh8 21.Rxd8 Nxa4
22.Rxa8 Rxa8 23.Rc1 Rd8 24.g3 Rd7 25.Be8 {#r} 1-0

[Event "Ch URS (club)"]
[Site "masterchessopen.com Naberezhnye Chelny (Russia)"]
[Round "0"]
[White "Makarov Marat (RUS)"]
[Black "Rajskij Eduard (BLR)"]
[Result "1-0"]
[WhiteElo "2370"]
[BlackElo "2450"]

1.d4 Nf6 2.c4 e6 3.Nc3 Bb4 4.e3 b6 5.Ne2 Ba6 6.Ng3 O-O 7.e4 d5 8.cxd5 Bxf1
9.Kxf1 Bxc3 10.bxc3 exd5 11.e5 Ne4 12.f3 Nxg3+ 13.hxg3 f5 14.exf6 Qxf6 15.Qd3
h6 16.Ba3 Re8 17.Rh5 Qc6 18.g4 Nd7 19.g5 Re6 20.Bc1 Nf8 21.gxh6 gxh6 22.Bf4
Rae8 23.Be5 Nd7 24.f4 Nxe5 25.dxe5 Rf8 26.g3 Kg7 27.Kf2 Qc5+ 28.Kg2 c6 29.Re1
Qc4 30.Qxc4 dxc4 31.Rd1 Kg6 32.Rhh1 h5 33.Rd7 a5 34.Rhd1 Kf5 35.Kf3 Rfe8
36.Rf7+ Kg6 37.Rdd7 Kh6 38.Rh7+ {#r} 1-0

[Event "It \"]
[Site "masterchessopen.com Prague (Czech Republic)"]
[Round "0"]
[White "Dejkalo Stefan (POL)"]
[Black "Huss Andreas (SUI)"]
[Result "1-0"]
[WhiteElo "2395"]
[BlackElo "2390"]

1.d4 e6 2.c4 Nf6 3.Nc3 Bb4 4.e3 b6 5.Ne2 Ba6 6.Qa4 c5 7.a3 Bxc3+ 8.Nxc3 Bb7
9.dxc5 bxc5 10.f3 O-O 11.Be2 d5 12.cxd5 exd5 13.O-O Nbd7 14.Rd1 a5 15.Rb1 Qe7
16.Qh4 Rfc8 17.Bd3 Qe6 18.Ne2 a4 19.Ng3 g6 20.Bc2 Bc6 21.Bd2 Re8 22.Re1 Ne5
23.Bc3 Nfd7 24.Qh6 f6 25.Rbd1 Qe7 26.h4 Qg7 27.Qf4 h5 28.Bb1 Nf8 29.Nf1 Ne6
30.Qg3 Kh7 31.f4 Ng4 32.f5 Nf8 33.Nh2 Nxh2 34.Kxh2 gxf5 35.Bxf5+ Kh8 36.Qd6 d4
37.Qxc6 dxc3 38.bxc3 Rab8 39.Rd2 Re5 40.Qf3 Rbe8 41.Qxh5+ Kg8 42.e4 Qc7 43.Kh3
R8e7 44.Red1 Rg7 45.Qf3 Re8 46.Rd6 Qe7 47.Bg4 Qxe4 48.Rxf6 Qxf3+ {#r} 1-0